[Event "AUTO-INT-617"]
[Site "http://www.queenalice.com/game.php?id=272029"]
[Date "2007.9.14"]
[Round "1"]
[White "adriano_slater"]
[Black "bleve"]
[Result "1-0"]
[WhiteElo "1411"]
[BlackElo "1610"]

1. d4 d5 2. e3 Nc6 3. Qf3 e6 4. Qg3 Nf6 5. Nf3 Ne4 6. Qf4 f5 7. Bd3 Bd6 8. Ne5
Qg5 9. O-O Qxf4 10. exf4 Nxd4 11. Na3 Nc5 12. Bb5+ c6 13. Bd3 b5 14. Be3 Nxc2
15. Nxc2 a5 16. Nxc6 Nxd3 17. N6d4 e5 18. Nxb5 Ra6 19. Nxd6+ Rxd6 20. fxe5 Nxe5
21. Bd4 Nd3 22. Bxg7 Rg8 23. Be5 Nxe5 24. Rae1 Re6 25. Nd4 Re7 26. Re2 Ba6 27.
Nxf5 Bxe2 28. Nxe7 Kxe7 29. Re1 Bg4 30. Rxe5+ Kd6 31. Re3 d4 32. Rd3 Kd5 33. f3
Bh3 34. f4 Bxg2 35. Rg3 Rxg3 36. hxg3 d3 37. Kf2 Be4 38. Ke3 a4 39. g4 Ke6 40.
b3 axb3 41. axb3 Kd5 42. Kd2 Kc5 43. Kc3 Kb5 44. b4 Ka4 45. f5 Ka3 46. b5 Ka2
47. b6 Kb1 48. b7 Kc1 49. b8=Q d2 50. Qb2+ Kd1 51. Qxd2# 1-0

[Event "AUTO-INT-617"]
[Site "http://www.queenalice.com/game.php?id=272030"]
[Date "2007.9.14"]
[Round "1"]
[White "bleve"]
[Black "adriano_slater"]
[Result "1-0"]
[WhiteElo "1707"]
[BlackElo "1362"]

1. e4 e6 2. e5 d6 3. Nf3 dxe5 4. Nxe5 Qd5 5. Qh5 g6 6. Qe2 Bd6 7. Nf3 Nf6 8. Nc3
Qc5 9. d4 Qh5 10. d5 Nxd5 11. Ne4 b6 12. c4 Nf4 13. Bxf4 Bxf4 14. Nf6+ Ke7 15.
Nxh5 Be5 16. Qxe5 Rd8 17. Qf6+ Ke8 18. Ne5 Rd6 19. Ng7+ Kf8 20. Qxf7# 1-0

[Event "AUTO-INT-617"]
[Site "http://www.queenalice.com/game.php?id=272031"]
[Date "2007.9.14"]
[Round "1"]
[White "adriano_slater"]
[Black "Hugohg"]
[Result "1-0"]
[WhiteElo "1380"]
[BlackElo "1287"]

1. d4 e6 2. e3 Nf6 3. Nc3 h5 4. Qf3 g6 5. Qf4 Bh6 6. Qf3 c6 7. b3 a5 8. Ba3 b5
9. Bd6 Na6 10. Be5 Nb4 11. O-O-O Bg7 12. Nxb5 Ba6 13. Nd6+ Kf8 14. Ne4 Nfd5 15.
Nh3 Nxa2+ 16. Kd2 Bb7 17. Nhg5 f6 18. Bd6+ Ke8 19. Ra1 Nab4 20. Nc5 Bc8 21. e4
Nb6 22. Nd3 Bb7 23. Nc5 Bc8 24. e5 fxg5 25. Nd3 g4 26. Qe4 g5 27. Nxb4 Rb8 28.
Bxb8 d5 29. Qg6+ Kf8 30. Nxc6 Qd7 31. Nxa5 Rh6 32. Qxg5 Qf7 33. Bd6+ Kg8 34.
Qd8+ Kh7 35. Qxb6 Qxf2+ 36. Be2 h4 37. Rhg1 g3 38. Raf1 Qxg1 39. Rxg1 gxh2 40.
Rh1 Rg6 41. Bd3 Bh6+ 42. Kc3 Kg7 43. Bxg6 Kxg6 44. Qc6 Bf4 45. Qxc8 Bg3 46.
Qxe6+ Kg5 47. Qxd5 Bf2 48. Rxh2 Be1+ 49. Kc4 1-0

[Event "AUTO-INT-617"]
[Site "http://www.queenalice.com/game.php?id=272032"]
[Date "2007.9.14"]
[Round "1"]
[White "Hugohg"]
[Black "adriano_slater"]
[Result "0-1"]
[WhiteElo "1372"]
[BlackElo "1360"]

1. e4 e6 2. Nh3 d5 3. e5 Nc6 4. a4 Nxe5 5. Be2 Qf6 6. d3 Ng4 7. Bxg4 Nh6 8. Nc3
Nxg4 9. Qxg4 Bc5 10. Nb5 Bb6 11. Ng5 O-O 12. Qh4 h6 13. Nf3 Ba5+ 14. Kf1 c6 15.
Nd6 g5 16. Qg4 Rd8 17. Bd2 Bxd2 18. Nxd2 Rxd6 19. Ne4 dxe4 20. Qxe4 Rd4 21. Qe3
b5 22. axb5 cxb5 23. c3 Rd5 24. Qe4 a6 25. c4 Qxb2 26. Qe2 Qxa1+ 27. Qe1 Qxe1+
28. Kxe1 Rxd3 29. Ke2 Ra3 30. c5 Bb7 31. Rg1 Rc8 32. Rc1 Bxg2 33. f3 Bxf3+ 34.
Kf2 h5 35. c6 g4 0-1

[Event "Challenge"]
[Site "http://www.queenalice.com/game.php?id=272046"]
[Date "2007.9.14"]
[Round "-"]
[White "julisses"]
[Black "adriano_slater"]
[Result "1-0"]
[WhiteElo "1495"]
[BlackElo "1388"]

1. e4 e6 2. Nc3 d5 3. Nf3 Qf6 4. d4 Nc6 5. exd5 Nb4 6. dxe6 fxe6 7. d5 Qf5 8.
Bd3 Qg4 9. O-O exd5 10. Ng5 Qd7 11. Bf4 Nxd3 12. Qxd3 d4 13. Nb5 Bd6 14. Nh3 b6
15. Nxd4 Nf6 16. Rae1+ Kf7 17. Ng5+ Kf8 18. Qg3 Ba6 19. Nge6+ Kf7 20. Qxg7+ Ke8
21. Qxh8+ Bf8 22. Qxf8# 1-0

[Event "Challenge"]
[Site "http://www.queenalice.com/game.php?id=280102"]
[Date "2007.10.2"]
[Round "-"]
[White "julisses"]
[Black "adriano_slater"]
[Result "1-0"]
[WhiteElo "1527"]
[BlackElo "1346"]

1. e4 e5 2. Bc4 Nf6 3. b3 Nxe4 4. Qh5 Qf6 5. Nf3 Nd6 6. Bb2 g6 7. Qxe5+ Qe7 8.
O-O f6 9. Qxf6 Bg7 10. Qxg7 Rf8 11. Na3 b6 12. Rae1 Ne4 13. Bd3 Rf4 14. Bxe4
Rxe4 15. Rxe4 Qxe4 16. Re1 Qxe1+ 17. Nxe1 Nc6 18. Nb5 Kd8 19. Qg8+ Ke7 20. Qxh7+
Ke6 21. Qxg6+ Kd5 22. Nxc7+ 1-0

[Event "Challenge"]
[Site "http://www.queenalice.com/game.php?id=285124"]
[Date "2007.10.12"]
[Round "-"]
[White "adriano_slater"]
[Black "jlgiffoni"]
[Result "1-0"]
[WhiteElo "1346"]
[BlackElo "1193"]

1. e3 d5 2. Nc3 Nf6 3. Qf3 e5 4. e4 Bg4 5. Qg3 Bc5 6. exd5 h5 7. Qxe5+ Qe7 8. f4
Ne4 9. Nxe4 Nd7 10. Qxg7 Qxe4+ 11. Ne2 Rf8 12. d3 Qe7 13. d4 Bb4+ 14. Bd2 c5 15.
O-O-O Nf6 16. Qg5 Rg8 17. Qe5 Rd8 18. c4 Ne4 19. Be1 f6 20. Qxe7+ Kxe7 21. a3
Bxe1 22. Rxe1 Nf2 23. Rg1 Nd3+ 24. Kd2 Bf5 25. Rb1 Rc8 26. Ng3 Rxg3 27. hxg3 Nf2
28. Re1+ Be4 29. Kc3 f5 30. Re2 Nd3 31. Rxe4+ fxe4 32. Rh1 Rg8 33. Rh3 h4 34.
Bxd3 exd3 35. Kxd3 b6 36. Rxh4 1-0

[Event "Challenge"]
[Site "http://www.queenalice.com/game.php?id=295342"]
[Date "2007.10.30"]
[Round "-"]
[White "julisses"]
[Black "adriano_slater"]
[Result "0-1"]
[WhiteElo "1553"]
[BlackElo "1356"]

1. e4 e6 2. Nf3 d5 3. Nc3 Nf6 4. d3 Nc6 5. e5 Nd7 6. Bg5 f6 7. exf6 gxf6 8. Bh4
d4 9. Nb5 e5 10. g4 Rg8 11. Rg1 a6 12. Na3 Qe7 13. g5 Rg6 14. Bh3 b5 15. gxf6
Nxf6 16. Bxc8 Rxc8 17. Ng5 Bh6 18. Ne4 Rxg1+ 19. Ke2 Rxd1 20. Rxd1 b4 21. Nc4
Qg7 22. Nxf6+ Kf7 23. a3 Bg5 24. Rg1 Qxf6 25. Bxg5 Qg6 26. axb4 h6 27. Ra1 Qxg5
28. Rxa6 Nxb4 29. Ra5 Re8 30. c3 dxc3 31. bxc3 Nc6 32. Rc5 Qg2 33. d4 exd4+ 34.
Kd3 Qxf2 35. Rxc6 Re3+ 36. Nxe3 Qxe3+ 37. Kc2 Qf2+ 38. Kb3 dxc3 39. Rxc7+ Kg6
40. Rxc3 Qxh2 41. Rc6+ Kg5 42. Rc2 Qh3+ 43. Rc3 Qe6+ 44. Kb4 h5 45. Rg3+ Kf4 46.
Rh3 Qxh3 47. Kc4 h4 48. Kd4 Qe3+ 49. Kd5 h3 50. Kd6 h2 51. Kc7 Qe8 52. Kd6 h1=Q
53. Kc5 Qd1 54. Kc4 Qc8+ 55. Kb4 Qb1+ 0-1

[Event "Challenge"]
[Site "http://www.queenalice.com/game.php?id=303387"]
[Date "2007.11.13"]
[Round "-"]
[White "mandacaru"]
[Black "adriano_slater"]
[Result "1-0"]
[WhiteElo "1438"]
[BlackElo "1376"]

1. e4 e5 2. Nf3 Qf6 3. Nc3 Nc6 4. Nd5 Qd6 5. Bb5 Nd4 6. Nxd4 exd4 7. d3 c6 8.
Bf4 Qxf4 9. Nxf4 cxb5 10. Nd5 Kd8 11. Qf3 Bb4+ 12. c3 dxc3 13. bxc3 Bc5 14. Qxf7
Nh6 15. Qxg7 Rg8 16. Qf6+ Ke8 17. Nc7# 1-0

[Event "Challenge"]
[Site "http://www.queenalice.com/game.php?id=310868"]
[Date "2007.11.27"]
[Round "-"]
[White "flaviovieira"]
[Black "adriano_slater"]
[Result "1-0"]
[WhiteElo "1618"]
[BlackElo "1392"]

1. e4 e6 2. Nf3 d5 3. e5 Nc6 4. d4 f6 5. Bf4 Nge7 6. Nc3 Ng6 7. Qd2 Nxf4 8. Qxf4
Nb4 9. O-O-O g5 10. Qg4 h5 11. Qg3 g4 12. Nh4 f5 13. Ng6 Bh6+ 14. Nf4 Rg8 15.
Kb1 Bg5 16. Nxh5 Qe7 17. h3 Bh4 18. Qe3 Qg5 19. Qxg5 Bxg5 20. hxg4 fxg4 21. Be2
b6 22. Nb5 Kd8 23. Bxg4 c6 24. Nd6 Ba6 25. Bxe6 Rg6 26. Nf7+ Ke7 27. Nxg5 Rxg5
28. Nf4 c5 29. Rh7+ Kf8 30. Rh8+ Kg7 31. Rxa8 Kh7 32. Rh1+ Kg7 33. Rg8# 1-0

[Event "AUTO-INT-617"]
[Site "http://www.queenalice.com/game.php?id=388990"]
[Date "2008.4.17"]
[Round "2"]
[White "jonathanodonnell"]
[Black "adriano_slater"]
[Result "1-0"]
[WhiteElo "1893"]
[BlackElo "1461"]

1. e4 d5 2. exd5 Qxd5 3. Nc3 Qf5 4. Nf3 Nc6 5. d3 Qa5 6. g3 Bg4 7. Bg2 O-O-O 8.
O-O Nf6 9. h3 Be6 10. Be3 Nd5 11. Nxd5 Bxd5 12. c4 Bxf3 13. Qxf3 Ne5 14. Qxb7+
Kd7 15. Qd5+ Qxd5 16. Bxd5 Kc8 17. Rad1 e6 18. d4 Nd7 19. Bg2 Nb6 20. c5 Nc4 21.
Bc1 e5 22. b3 Na5 23. b4 Nc4 24. dxe5 Rxd1 25. Rxd1 Nxe5 26. Rd5 f6 27. Be3 c6
28. Rd1 Nc4 29. Bf4 Nb2 30. Rd4 Be7 31. Bxc6 Rd8 32. Rxd8+ Kxd8 33. Bb5 g5 34.
Bc1 a6 35. Bxa6 Nd1 36. Bd2 f5 37. Be2 Nb2 38. Bc3 Na4 39. Be5 g4 40. hxg4 fxg4
41. Bxg4 Bg5 42. Bd1 Nxc5 43. bxc5 Be7 44. Bd4 Kd7 45. f4 Ke6 46. Kf2 Kd5 47.
Ke3 Bxc5 48. Bxc5 Kxc5 49. Ke4 Kb4 50. f5 Ka3 51. Bb3 Kb2 52. f6 h5 53. f7 h4
54. gxh4 Kc3 55. f8=Q Kd2 56. Qf2+ Kc3 57. Qd4# 1-0

[Event "AUTO-INT-617"]
[Site "http://www.queenalice.com/game.php?id=388991"]
[Date "2008.4.17"]
[Round "2"]
[White "adriano_slater"]
[Black "jonathanodonnell"]
[Result "1-0"]
[WhiteElo "1431"]
[BlackElo "1916"]

1. e3 d5 2. Nc3 e5 3. e4 d4 4. Nd5 c6 5. Nb4 Bxb4 6. c3 Ba5 7. Nf3 dxc3 8. bxc3
Bg4 9. Qb3 Bb6 10. Bc4 Qe7 11. Ng5 Qxg5 12. Bxf7+ Kf8 13. d4 Nd7 14. Bxg5 exd4
15. cxd4 Bxd4 16. Rc1 Bb6 17. f3 Nc5 18. Qc4 Bd7 19. Bh5 Be6 20. Qd4 Ne7 21.
Rxc5 Rd8 22. Qc3 Bxc5 23. Qxc5 Rd7 24. O-O g6 25. Bg4 Bxg4 26. fxg4+ Ke8 27. Bh6
b6 28. Qe5 Rg8 29. Qe6 Kd8 30. Rf8+ Rxf8 31. Bxf8 Ke8 32. Qf6 Ng8 33. Qe6+ Ne7
34. Bh6 c5 35. Qf6 Kd8 36. Qf8+ Kc7 37. Bf4+ Kb7 38. Qb8+ Kc6 39. e5 Nd5 40. e6
Re7 41. Qc8+ Kb5 42. Bg5 Rc7 43. Qd8 Kc4 44. e7 Rxe7 45. Bxe7 Nxe7 46. Qxe7 a5
47. Qxh7 a4 48. Qxg6 Kb4 49. Qxb6+ Ka3 50. Qxc5+ Kxa2 51. Qb4 a3 52. Qc3 Kb1 53.
Qxa3 Kc2 54. Qf3 Kb2 55. g5 Kc2 56. g6 Kd2 57. g7 Ke1 58. Qf2+ Kd1 59. g8=Q Kc1
60. Qga2 Kd1 61. Qa1# 1-0

[Event "AUTO-INT-1016"]
[Site "http://www.queenalice.com/game.php?id=454510"]
[Date "2008.8.27"]
[Round "1"]
[White "chesscole"]
[Black "adriano_slater"]
[Result "0-1"]
[WhiteElo "1466"]
[BlackElo "1435"]

1. e4 e5 2. Nf3 d6 3. Nc3 Nc6 4. Bb5 Qf6 5. Nd5 Qd8 6. d3 Be6 7. Ng5 Nf6 8.
Nxf6+ gxf6 9. Nxe6 fxe6 10. Bxc6+ bxc6 11. Be3 c5 12. O-O Rb8 13. Qh5+ Ke7 14.
Bh6 Rxb2 15. Bxf8+ Qxf8 16. c3 Rd2 17. Rfd1 Rc2 18. c4 Qg7 19. g3 Rg8 20. Rdb1
Kd7 21. Rd1 d5 22. exd5 exd5 23. cxd5 Rc4 24. dxc4 c6 25. Qf5+ Kd6 26. Qe6+ Kc7
27. Qxc6+ Kd8 28. Qxc5 f5 29. Qd6+ Qd7 30. Qxd7+ Kxd7 31. Rab1 f4 32. Rb7+ Kd6
33. Rxa7 Rc8 34. Rc1 Kc5 35. Rxh7 Kd4 36. gxf4 exf4 37. Rh4 Rxc4 38. Rxf4+ Kxd5
39. Rfxc4 Ke5 40. Rd1 Kf5 0-1

[Event "AUTO-INT-1016"]
[Site "http://www.queenalice.com/game.php?id=454511"]
[Date "2008.8.27"]
[Round "1"]
[White "adriano_slater"]
[Black "chesscole"]
[Result "0-1"]
[WhiteElo "1459"]
[BlackElo "1740"]

1. e3 Nc6 2. d4 d5 3. Nc3 Nf6 4. Qf3 Bg4 5. Qf4 e6 6. f3 Bh5 7. Nb5 Bb4+ 8. Bd2
Bxd2+ 9. Kxd2 O-O 10. Nxc7 Rc8 11. Nb5 a6 12. Nd6 Rc7 13. Nxb7 Rxb7 14. Bxa6
Rxb2 15. Ne2 Qa5+ 16. Kc1 Qxa6 17. Kxb2 Qxe2 18. Rhg1 Rb8+ 19. Kc3 Qc4+ 20. Kd2
Qb4+ 21. c3 Qb2+ 22. Kd3 Bg6+ 23. e4 dxe4+ 24. Ke3 Qxc3+ 25. Kf2 Rb2+ 26. Kg3
Nh5+ 27. Kg4 Nxf4 28. Kxf4 e5+ 29. Kg4 h5+ 30. Kg3 exf3 31. gxf3 Nxd4 0-1

[Event "AUTO-INT-1016"]
[Site "http://www.queenalice.com/game.php?id=454528"]
[Date "2008.8.27"]
[Round "1"]
[White "adriano_slater"]
[Black "wallt"]
[Result "0-1"]
[WhiteElo "1454"]
[BlackElo "1726"]

1. e3 e5 2. d4 e4 3. Qg4 d5 4. Nc3 Bxg4 5. f3 exf3 6. gxf3 Qh4+ 7. Ke2 Be6 8. e4
dxe4 9. fxe4 Bc4+ 10. Ke3 Bxf1 11. Nf3 Qh3 12. Bd2 Bg2 13. Kd3 Qxf3+ 14. Kc4
Bxh1 15. Nd5 Qe2+ 16. Kc3 Qf3+ 17. Be3 Na6 18. Kc4 Qxe4 19. Nf4 Qxc2+ 20. Kb5
c6+ 21. Ka5 Bb4# 0-1

[Event "AUTO-INT-1016"]
[Site "http://www.queenalice.com/game.php?id=454529"]
[Date "2008.8.27"]
[Round "1"]
[White "wallt"]
[Black "adriano_slater"]
[Result "1-0"]
[WhiteElo "1779"]
[BlackElo "1449"]

1. d4 d5 2. Bf4 e6 3. a3 Nc6 4. Nc3 Qf6 5. g3 Nxd4 6. Be3 Bc5 7. Nf3 Nxf3+ 8.
exf3 Qe5 9. f4 Qd6 10. Bxc5 Qxc5 11. Bg2 Nf6 12. O-O Ng4 13. Qxg4 e5 14. Qxg7
Qf8 15. Qxe5+ Be6 16. f5 f6 17. Qxe6+ Qe7 18. Qxd5 c6 19. Qb3 Rb8 20. Bxc6+ Kf8
21. Rae1 Qc5 22. Bd7 Kg7 23. Nd5 Rbd8 24. Re7+ Kh6 25. Rfe1 Kg5 26. h4+ Kg4 27.
Nxf6+ Kh3 28. g4+ Kxh4 29. Qg3+ Kg5 30. Ne4+ Kh6 31. Qh4# 1-0

[Event "AUTO-INT-1016"]
[Site "http://www.queenalice.com/game.php?id=454530"]
[Date "2008.8.27"]
[Round "1"]
[White "adriano_slater"]
[Black "kanibal"]
[Result "0-1"]
[WhiteElo "1446"]
[BlackElo "1580"]

1. e3 d5 2. d4 Nc6 3. Nc3 e6 4. Nh3 Bb4 5. a3 Bxc3+ 6. bxc3 Nf6 7. Bd3 O-O 8.
O-O e5 9. c4 dxc4 10. Bxc4 Be6 11. Bxe6 fxe6 12. Rb1 b6 13. Qd3 exd4 14. Qc4 Na5
15. Qb5 c6 16. Qf5 c5 17. Ng5 exf5 18. Bd2 h6 19. Ne6 Qd7 20. Nf4 Qa4 21. Ng6
Rf7 22. exd4 Qxd4 23. Be3 Qc3 24. Rfe1 Kh7 25. Nf4 Qxa3 26. Ra1 Qb2 27. Rec1 Ne4
28. Rab1 Qe5 29. f3 g5 30. Nd3 Qe6 31. Re1 Nc3 32. Bd2 Qc4 33. Rbc1 Na2 34. Ne5
Qd4+ 35. Be3 Qxe5 36. Ra1 f4 37. Bf2 Qb2 38. c3 Nxc3 39. Rec1 Ne2+ 40. Kf1 Nxc1
41. Rxc1 Qxc1+ 42. Ke2 Rd8 43. Be1 Re7+ 44. Kf2 Qxe1# 0-1

[Event "AUTO-INT-1016"]
[Site "http://www.queenalice.com/game.php?id=454531"]
[Date "2008.8.27"]
[Round "1"]
[White "kanibal"]
[Black "adriano_slater"]
[Result "1-0"]
[WhiteElo "1652"]
[BlackElo "1452"]

1. d4 d5 2. Nc3 Nc6 3. e3 e5 4. dxe5 Nxe5 5. Nxd5 c6 6. Nf4 Bd6 7. Nf3 Nf6 8. h3
O-O 9. Bd3 Nxd3+ 10. Qxd3 Qe7 11. O-O Ne4 12. b3 Nc5 13. Qd2 Re8 14. Bb2 Ne4 15.
Qd3 g5 16. Nh5 g4 17. hxg4 Kf8 18. Bg7+ Kg8 19. Nd4 Bxg4 20. Nf6+ Kxg7 21. Nxg4
Rg8 22. f3 Nc5 23. Qf5 Rad8 24. Qh5 Ne6 25. Nf5+ Kf8 26. Nxe7 Kxe7 27. Qxh7 Rh8
28. Qf5 Rdg8 29. Qf6+ Ke8 30. Rad1 Be7 31. Qe5 Rg5 32. Qb8+ Nd8 33. Qxa7 Rgh5
34. Kf2 Bc5 35. Qb8 Ke7 36. Rxd8 Rxd8 37. Qxb7+ Ke6 38. Qxc6+ Bd6 39. Qe4+ Kd7
40. Nf6+ Kc7 41. Nxh5 Bc5 42. Kg3 Rd2 43. Rc1 Bd6+ 44. Nf4 Bxf4+ 45. Qxf4+ Rd6
46. Qxf7+ Rd7 47. Qc4+ Kd8 48. a4 Rg7+ 49. Kf2 Rc7 50. Rd1+ Kc8 51. Qg8+ Kb7 52.
c4 Rc8 53. Rd7+ Rc7 54. Qg7 Rxd7 55. Qxd7+ Kb8 56. c5 Ka8 57. c6 Kb8 58. c7+ Kb7
59. c8=Q+ Kb6 60. Qb5+ Ka7 61. Qcb7# 1-0